00604nas a22001817a 4500999001500000008004100015022001400056245004000070260005700110300000900167310001200176546001100188590007200199590008700271650002700358856002500385942001200410 c1220d1220130306t20029999-us||||| |||| 00| 0 eng d a0028-4793 aThe New England Journal of Medicine aMassachusetts:bMassachusetts Medical Society,c2002 av. : asemanal aingles aIndizada en: Pubmed, Index medicus, MEDLINE, Abridged index medicus aExistencias: 2002 347(24-26); 2003 348(1,3,4,20) BAJA DEPOSITO (CAJA 22) MAYO 2019 aMEDICINA INTERNA91738 uhttp://www.nejm.org/ 2ddccCR